Quiz: Antworten bestehen aus Wiederholungen - Statistiken

Allgemein
  • Dieses Quiz wurde 241 mal gespielt
  • Das Durchschnittsergebnis liegt bei 9 aus 31
Antwortstatistiken
Hinweis Antwort % Korrekt
Mutter Mama
99%
Lachen haha
79%
Kartenspiel Mau-Mau
68%
ausgestorbener Vogel Dodo
58%
etwas aus dem ... kennen Effeff
56%
Süßigkeit Bonbon
48%
bezeichnen nennen
45%
Kunstrichtung Dada
41%
Spielzeug Jo-Jo
38%
brasilianischer Weltfußballer 2007 Kaká
34%
Mähwerkzeuge (Plural) Sensen
33%
verrückt gaga
32%
Stadt in Süddeutschland Baden-Baden
30%
Gefängnis, Verlies Kerker
29%
Brauch, Gewohnheit Usus
29%
Hunderasse Chow-Chow
28%
roher, unzivilisierter Mensch Barbar
22%
brasilianischer Fußballer, viele Jahre beim BVB Dede
22%
Sammelbezeichnung für manche Farbtöne zwischen Rot und Violett Purpur
21%
nordafrikanische Völker; Pferderasse Berber
13%
afrikanische Getreidespeise Couscous
13%
Geld Pinkepinke
11%
Gefängnis im US-Staat New York Sing Sing
11%
Stadt in Indien ("...-Geschoss") Dum Dum
10%
Toilette Null-Null
7%
Fußball-Nationalmannschaft Südafrikas Bafana Bafana
5%
Atoll in Französisch-Polynesien Bora Bora
5%
Jap. Funksignal vor dem Angriff auf Pearl Harbor Tora, tora, tora (to ra, to ra, to ra)
5%
dt. Titel des Beatles-Films "A Hard Day's Night" Yeah! Yeah! Yeah!
3%
Hauptstadt von Amerikanisch-Samoa Pago Pago
1%
Stadt im US-Staat Washington Walla Walla
0%
Keine übereinstimmenden Quizze gefunden
Verteilung der Resultate
Anzahl Personen mit jedem Resultat
Perzentil nach korrekt beantworteten Fragen
Ihre Resultats-Entwicklung
Sie haben dieses Quiz noch nicht gespielt